000 00555cab a22001935a 4500
001 L156474
008 120528s2012 xxka f 000 0 eng d
035 _a(Sirsi) u156474
041 0 _aeng
100 1 _aBattrick, Paul
245 0 4 _aThe rainbow suite
_bthe 1999 FIDIC contracts, part 8
_bcontract administration
260 _c2012
490 _aCivil Engineering Surveyor
_vMay 2012, 31-33(3)
520 _aLooks at the adminstration of a contract.
651 4 _aInternational
690 _aContracts
_96232
700 1 _aDuggan, Phil
942 _n0
999 _c84032
_d84032